000 00615nam a22001697a 4500
005 20120606123333.0
020 _a8123003307
_c45.00
035 _aA-806224
037 _aDPL
_bENG
100 _aPandey, Manoj
_948492
245 _aUnited nations in the service of the common man /
_cby Manoj Pandey and Onkar Kedia
260 _aNew Delhi
_b Publication Division
_c1996
300 _a130p.
_c18 cms.
700 _aKedia, Onkar
_948493
942 _2ddc
_cEN
_h354.103
_mUNI
999 _c67551
_d67551